| 000 | 00345 a2200133 4500 | ||
|---|---|---|---|
| 001 | 55733 | ||
| 082 | _a629.1 HAS | ||
| 090 |
_c34622 _d34622 |
||
| 100 | _aHashmi, Faheem | ||
| 245 | _aIntroduction to aerospace technology | ||
| 260 |
_arisalpur _bCAE PAf Acdemy _c2002 |
||
| 300 | _a140 p. photocopy | ||
| 500 | _aBE textbook Aerospace precise | ||
| 942 |
_aNUST-CAE _k629.1 HAS |
||
| 999 |
_c290806 _d290806 |
||